Statistiques concernant Qui suis-je ? football # 2

Cliquez ici pour prendre le quiz!

Statistiques générales

  • Ce quiz a été pris 251 fois
  • Le résultat moyen est 5 sur 5

Statistiques - réponses

QuestionRéponse% Correct
Je suis né le 21 juillet 2000. Je mesure 1,94 m et j'évolue actuellement à Manchester City. Je suis un footballeur international Norvégien. Qui suis-je ?Erling Haaland
98%
J'évolue à Al Ittihad. Mon salaire annuel est de 27,5M€. Mon ancien club est le Real Madrid, j'y étais resté pendant 14 saison. J'ai eu le ballon d'or 2022. Qui suis-je ?Karim Benzema
97%
J'ai 24 ans. Je suis un des Lions de l'Atlas. Mon meilleur ami, quant à lui, fait parti de l'équipe des Bleus. J'ai deux enfants. Qui suis-je ?Achraf Hakimi
96%
Je suis né le 12 juillet 2000(22 ans). Mon club actuel est le Real Madrid. Je joue dans l'équipe Brésilienne. Mon club formateur est le flamengo futsal. Qui suis-je ?Vinicius Jr
96%
Je suis né le 29 juin 2003. Je suis un footballeur anglais et j'ai récemment rejoint le Real Madrid. Je suis un milieu de terrain. Qui suis-je ?Jude Bellingham
93%

Distribution des résultats

Percentile par nombre de réponses

% des personnes avec chaque résultat

Votre développement - résultats

Vous n’avez pas pris ce quiz